zpět

Detail výsledku týmu

U Pošty - Vinohrady ČT, Praha

Datum a čas kvízu

24 Celkem bodů Celkový počet nahraných bodů na tomto kvízu bez doplňovacích otázek.
9. Pořadí na kvízu Konečné umístění týmu na tomto kvízu.

Zaznamenané odpovědi

# Otázka Odpověď Body Výsledky
1. Policie prověřuje bývalého šéf... Robert Šlachta 1
2. V kalifornském Údolí smrti byl... 54 °C 0
3. Stanice CNN Prima News, která... Markéta Fialová 1
4. Tradiční český výrobce kečupů... OTMA 0
5. Jeden český hokejový klub zmod... Dynamo Pardubice 0
6. Začneme u nás, konkrétně drama... Kat a blázen 1
7. Jak se jmenují tři sestry ve s... C 0
8. William Shakespeare pochopitel... George Bernard Shaw 1
9. Divadelní hry se samozřejmě ne... Jiráskův Hronov 0
10. Jak se jmenuje veleúspěšná hra... Hrdý Budžes 0